LEADER 01281nam1 2200421 450 001 990005940930203316 005 20140401104747.0 010 $a978-88-13-30898-8 035 $a000594093 035 $aUSA01000594093 035 $a(ALEPH)000594093USA01 035 $a000594093 100 $a20140401d2014----km-y0itay50------ba 101 $aita 102 $aIT 105 $a||||||||001yy 200 1 $aDiritto industriale italiano$fMassimo Scuffi, Mario Franzosi 210 $aPadova$cCedam$d2014 215 $a2 tomi$d24 cm 410 0$12001 454 1$12001 461 1$1001-------$12001 463 \1$1001990005941000203316$12001 $a<> Diritto sostanziale 463 \1$1001990005941010203316$12001 $a<> Diritto procedimentale e processuale 606 0 $aDiritto industriale$xItalia$2BNCF 676 $a346.45048 700 1$aSCUFFI,$bMassimo$0262430 701 1$aFRANZOSI,$bMario$0227437 801 0$aIT$bsalbc$gISBD 912 $a990005940930203316 951 $add$bG.$ccc 959 $aBK 969 $aGIU 979 $aFIORELLA$b90$c20140401$lUSA01$h0951 979 $aFIORELLA$b90$c20140401$lUSA01$h1045 979 $aFIORELLA$b90$c20140401$lUSA01$h1047 996 $aDiritto industriale italiano$91072676 997 $aUNISA LEADER 00960nam a2200277 i 4500 001 991001098669707536 005 20020507111238.0 008 970308s1962 us ||| | eng 035 $ab10173420-39ule_inst 035 $aLE00642127$9ExL 040 $aDip.to Fisica$bita 084 $a1:5 084 $a52.9.3 084 $a629.19 100 1 $aZwicky, F.$0461257 245 10$aMorphology of propulsive power /$cF. Zwicky 260 $aPasadena, CA :$bSociety for Morphological Research,$c1962 300 $aiii, 382 p. :$bill. ;$c23 cm. 490 0 $aMonographs on morphological research ;$v1 650 4$aMorphological research 907 $a.b10173420$b17-02-17$c27-06-02 912 $a991001098669707536 945 $aLE006 52.9.3 ZWI$g1$i2006000025386$lle006$o-$pE0.00$q-$rl$s- $t0$u0$v0$w0$x0$y.i10212541$z27-06-02 996 $aMorphology of propulsive power$9189650 997 $aUNISALENTO 998 $ale006$b01-01-97$cm$da $e-$feng$gus $h0$i1